| 000 | 00522nam a22002173 4500 | ||
|---|---|---|---|
| 999 |
_c3917 _d3917 |
||
| 001 | 3917 | ||
| 003 | BD-JhCC | ||
| 005 | 20171129182032.0 | ||
| 008 | 970505s1966 xx 000 0 und d | ||
| 035 | _a(BD-JhCC)3917 | ||
| 040 |
_aEQO _cEQO _dBD-JhCC |
||
| 041 | _aeng | ||
| 082 |
_a297.6 _bWHY 1966 |
||
| 100 | 1 | _aWhyte, Ruth. | |
| 245 | 1 | 0 |
_aTen stories from Islam / _cRuth Whyte |
| 260 |
_aKarachi &c., _c1966. |
||
| 300 |
_a60 p. : _bill. ; _c18 cm |
||
| 650 |
_aIslam _xHistory |
||
| 942 |
_2ddc _cBK |
||